000 00388nam a2200169Ia 4500
001 17816
003 IN-NITTTR
005 20251114233208.0
008 251113s9999||||xx |||||||||||||| ||eng||
040 _beng
040 _cIN-NITTTR
041 _aeng
082 _a697.931 S41B
100 _aSimha, D. Ajitha
245 0 _aBuilding environment. /
_cSimha, D. Ajitha
942 _2ddc
_cBK
999 _c20450
_d20450